000 00848nam a22002177a 4500
003 0
005 20250129102112.0
008 150903b xxu||||| |||| 00| 0 eng d
050 _aPGS HQ 784.B72
_b.C411 2015
100 _aCerbito, Cuitlauzina Brianna.
245 _aBullying and social skills /
_cCuitlauzina Brianna Cerbito.
260 _aLas PiƱas City, Philippines :
_bSouthville International School and Colleges,
_c2015.
300 _a29 p. :
_bill. ;
_c28 cm.
_fPASS
504 _aIncludes bibliographical references.
650 _2Library of Congress Subject Headings
_aBullying in schools.
650 _2Library of Congress Subject Headings
_aSocial skills in children.
650 _aMiddle school students
_vPsychology.
650 _aBullying
_vPsychological aspects.
650 _aPeer relations in adolescents.
942 _2lcc
_cPASS
999 _c288587
_d288587